000 00946cam a2200301 i 4500
999 _c18491
_d18491
001 4603335
003 BDDh-ASL
005 20231015025717.0
008 760817s1976 ii b 001 0 eng
010 _a 76371102
015 _aC***
020 _a0774800461
040 _aDLC
_cDLC
_dBDDh-ASL
043 _aa-ii---
_ab------
050 0 0 _aDS432.5
_b.T55 1976b
082 0 0 _a941.9098
_bTIS
100 1 _aTinker, Hugh.
245 1 0 _aSeparate and unequal :
_bIndia and the Indians in the British Commonwealth, 1920-1950 /
_cby Hugh Tinker.
260 _aVancouver :
_bUniversity of British Columbia Press,
_c1976.
300 _a460 p. ;
_c23 cm.
500 _aIncludes index.
504 _aBibliography: p. 444-450.
650 0 _aEast Indians
_zForeign countries.
651 0 _aCommonwealth countries
_xRace relations.
651 0 _aCommonwealth countries.
906 _a7
_bcbc
_corignew
_d4
_encip
_f19
_gy-gencatlg
942 _2ddc
_cBK